| 000 | 00735cam a2200241 4500500 | ||
|---|---|---|---|
| 005 | 20260405000309.0 | ||
| 041 | _afre | ||
| 042 | _adc | ||
| 100 | 1 | 0 |
_aMichaud, Yves _eauthor |
| 700 | 1 | 0 |
_aStiegler, Bernard _eauthor |
| 700 | 1 | 0 |
_aTruong, Nicolas _eauthor |
| 245 | 0 | 0 | _aYves Michaud et Bernard Stiegler. Face à l’actualité |
| 260 | _c2006. | ||
| 500 | _a49 | ||
| 690 | _aActualités | ||
| 690 | _aBernard Stiegler | ||
| 690 | _aInformations | ||
| 690 | _aMédias | ||
| 690 | _aphilosophie | ||
| 690 | _aYves Michaud | ||
| 786 | 0 | _nPhilosophie magazine | 2 | 6-7 | 2006-07-01 | p. 5-6 | 1951-1787 | |
| 856 | 4 | 1 | _uhttps://shs.cairn.info/magazine-philosophie-magazine-2006-6-7-page-5?lang=fr&redirect-ssocas=7080 |
| 999 |
_c2035671 _d2035671 |
||